| 000 | 01064nac a22003257a 4500 | ||
|---|---|---|---|
| 001 | BR0002961 | ||
| 003 | BR-BrBNA | ||
| 005 | 20240105122421.0 | ||
| 008 | 230509b bl.|||m| |||| 00| 0 por d | ||
| 040 |
_aBR-BrBNA _bpor _cBiblioteca Nacional de Agricultura |
||
| 072 | _aF01; L02 | ||
| 090 | _aF01 BR0002961 | ||
| 100 | 1 | _aLeite, G.G. | |
| 100 | 1 | _aBarcellos, A. de O. | |
| 100 | 1 | _aFernandes, F.D. | |
| 110 | 1 | _aEMBRAPA Cerrados, Planaltina, DF (Brasil) | |
| 245 | 1 | _aAvaliacao sob pastejo de Paspalum atratum cv. pojuca puro, consorciado em faixas e com banco de proteina de Arachis pintoi BRA-031143 | |
| 260 | 3 |
_aPlanaltina, DF (Brasil): _c1999. |
|
| 300 | _a2 p. | ||
| 490 |
_aPesquisa em Andamento - EMBRAPA Cerrados (Brazil) _vno. 13 _xISSN 1517-4921 |
||
| 650 | _aGraminea Forrageira | ||
| 650 | _aLeguminosa Forrageira | ||
| 650 | _aBovino | ||
| 650 | _aPastejo | ||
| 650 | _aLatossolo Vermelho | ||
| 650 | _aPrecipitacao Pluvial | ||
| 650 | _aCerrado | ||
| 909 |
_a202312 _bLúcia Elande _c55 _dLúcia Elande |
||
| 942 |
_2AGRIS _n0 _cMS |
||
| 999 |
_c290915 _d290915 |
||